LIBRARY & INFORMATION CENTRE, KCAET, TAVANUR

ONLINE PUBLIC ACCESS CATALOGUE (OPAC)

Development, diffusion and utilisation of information / (Record no. 5742)

MARC details
000 -LEADER
fixed length control field 00487cam a2200181ua 4500
020 ## - INTERNATIONAL STANDARD BOOK NUMBER
ISBN 81-7024-612-1
041 ## - LANGUAGE CODE
Language code of text/sound track or separate title eng
082 ## - DEWEY DECIMAL CLASSIFICATION NUMBER
Classification number 020
Item number BAN/DE
100 ## - MAIN ENTRY--AUTHOR NAME
Personal name Bankapur, M B .
245 ## - TITLE STATEMENT
Title Development, diffusion and utilisation of information /
250 ## - EDITION STATEMENT
Edition statement 1 /
260 ## - PUBLICATION, DISTRIBUTION, ETC. (IMPRINT)
Place of publication New Delhi :
Name of publisher Ashish Publishing House ,
Year of publication 1994.
300 ## - PHYSICAL DESCRIPTION
Number of Pages 306 ; .
942 ## - ADDED ENTRY ELEMENTS (KOHA)
Koha item type Books
Holdings
Withdrawn status Lost status Damaged status Home library Current library Date acquired Full call number Accession Number Koha item type
      KAUAET KAUAET 07/04/2012 020 19117 Reference
free website counter